[Event "POLFINALY MISTRZOSTW POLSKI JUNIOROW 2021 D-13"]
[Site "Jatrzebia Gora"]
[Date "1899-12-30"]
[Round "1.1"]
[White "Najdecka, Laura"]
[Black "Salamon, Julia"]
[Result "0-1"]
[WhiteTitle "I"]
[BlackTitle "I++"]
[WhiteElo "1130"]
[BlackElo "1568"]

1. d4 Nf6 2. Nf3 e6 3. c4 Bb4+ 4. Nc3 c5 5. a3 Bxc3+ 6. bxc3 Nc6 7. Bf4 Qa5 8.
Qd2 Ne4 9. Qd3 cxd4 10. Nxd4 Nxd4 11. Qxd4 Qxc3+ 12. Qxc3 Nxc3 13. e3 Ne4 14.
Be2 b6 15. Bf3 Bb7 16. Rc1 Nc5 17. Bxb7 Nxb7 18. O-O Rc8 19. Rc2 f6 20. Rfc1 e5
21. Bg3 Ke7 22. f3 Rc6 23. e4 Rhc8 24. Bf2 Na5 25. c5 Nb3 26. Rb1 Nxc5 27. Bxc5+
Rxc5 28. Rxc5 Rxc5 29. a4 Ra5 30. Rb4 Ke6 31. Kf2 d5 32. exd5+ Kxd5 33. Ke3 f5
34. Kd3 Rc5 35. Rb2 g5 36. Rb4 e4+ 37. fxe4+ fxe4+ 38. Ke3 Rc3+ 39. Kf2 e3+ 40.
Kf3 h6 41. Rb5+ Rc5 42. Rb1 Rc2 43. a5 e2 44. Kf2 e1=Q+ 45. Kxe1 Rxg2 46. axb6
Rg1+ 47. Kf2 Rxb1 48. bxa7 Ra1 49. Kg3 h5 50. h4 g4 51. a8=Q+ Rxa8 52. Kg2 Ra3
53. Kh2 Ke4 54. Kg2 Kf4 55. Kh2 g3+ 56. Kg2 Ra2+ 57. Kh3 Rh2# 0-1

[Event "POLFINALY MISTRZOSTW POLSKI JUNIOROW 2021 D-13"]
[Site "Jatrzebia Gora"]
[Date "1899-12-30"]
[Round "1.2"]
[White "Predkiewicz, Paulina"]
[Black "Myslowska, Zofia"]
[Result "0-1"]
[WhiteTitle "I"]
[BlackTitle "II"]
[WhiteElo "1331"]
[BlackElo "1101"]

1. e4 d6 2. d4 g6 3. Nc3 Bg7 4. f4 Nc6 5. Be3 e5 6. d5 Nd4 7. Qd2 Nf6 8. h3 a6
9. O-O-O b5 10. Bxd4 exd4 11. Qxd4 O-O 12. g4 Nxg4 13. Qd2 Nf6 14. Bg2 b4 15.
Nce2 a5 16. Ng3 Rb8 17. Qe3 Bd7 18. Bf3 a4 19. e5 Ne8 20. h4 b3 21. cxb3 axb3
22. a3 Qe7 23. Re1 Rb5 24. Kb1 dxe5 25. fxe5 c6 26. e6 fxe6 27. dxc6 Re5 28. Qd2
Rxe1+ 29. Qxe1 Bc8 30. Rh2 Ba6 31. Bd5 Bd3+ 32. Ka1 Qxa3# 0-1

[Event "POLFINALY MISTRZOSTW POLSKI JUNIOROW 2021 D-13"]
[Site "Jatrzebia Gora"]
[Date "1899-12-30"]
[Round "1.4"]
[White "Gladyszewska, Kinga"]
[Black "Olaczek, Wiktoria"]
[Result "1-0"]
[WhiteTitle "I"]
[BlackTitle "II"]
[WhiteElo "1269"]
[BlackElo "1088"]

1. d4 d5 2. c4 e6 3. Nc3 Nf6 4. Bg5 Nbd7 5. e3 c6 6. Nf3 Be7 7. cxd5 exd5 8. Bd3
O-O 9. O-O h6 10. Bh4 Ne4 11. Bxe7 Qxe7 12. Qc2 Ndf6 13. Ne5 Nxc3 14. bxc3 Ne4
15. f3 Nf6 16. Rae1 Nd7 17. Ng4 Re8 18. Qd2 Qg5 19. Qc1 h5 20. Nf2 Re6 21. Nh3
Qe7 22. e4 dxe4 23. Bxe4 Nf6 24. Nf4 Rxe4 25. fxe4 Ng4 26. h3 Nh6 27. Nxh5 Qh4
28. Nf4 Qg3 29. Rf3 Qg5 30. Ne2 Qe7 31. Rg3 Qe6 32. Qg5 Kf8 33. Qxg7+ Ke8 34.
Nf4 Qxa2 35. Qxh6 Qc4 36. Rg8+ Kd7 37. Qf6 c5 38. Rd8+ Kc7 39. Qd6# 1-0

[Event "POLFINALY MISTRZOSTW POLSKI JUNIOROW 2021 D-13"]
[Site "Jatrzebia Gora"]
[Date "1899-12-30"]
[Round "1.5"]
[White "Dura, Anna"]
[Black "Kicinska, Anna"]
[Result "1/2-1/2"]
[WhiteTitle "II"]
[BlackTitle "I"]
[WhiteElo "1074"]
[BlackElo "1238"]

1. c4 c5 2. Nc3 Nc6 3. g3 Nf6 4. Bg2 g6 5. Nf3 Bg7 6. O-O O-O 7. e3 d6 8. d4 Bf5
9. b3 Nb4 10. a3 Nc6 11. Bb2 Na5 12. Rc1 Qb6 13. Nd2 Rac8 14. Na4 Qc7 15. b4 cxb4
16. axb4 Nc6 17. Qb3 b6 18. c5 bxc5 19. bxc5 Na5 20. Qa3 d5 21. Nc3 e6 22. Nb5
Qd8 23. Nd6 Rb8 24. c6 Qc7 25. Nxf5 gxf5 26. Rc5 Nc4 27. Nxc4 dxc4 28. Rxc4 Rfc8
29. Bc3 Bf8 30. Bb4 Bxb4 31. Rxb4 Nd5 32. Rc4 Rb6 33. Rfc1 a6 34. Rc5 Ne7 35.
Qa2 Kf8 36. d5 exd5 37. Bxd5 Ng6 38. Bg2 Ne7 39. Ra5 Ra8 40. Qa3 Kg8 41. Rac5
Rc8 42. Qd3 Rd8 43. Qc4 Kf8 44. Bh3 Rd6 45. Bxf5 Nxf5 46. Rxf5 Rbxc6 47. Rc5 Rxc5
48. Qxc5 Qxc5 49. Rxc5 1/2-1/2

[Event "POLFINALY MISTRZOSTW POLSKI JUNIOROW 2021 D-13"]
[Site "Jatrzebia Gora"]
[Date "1899-12-30"]
[Round "1.6"]
[White "Miklosz, Malgorzata"]
[Black "Mansz, Martyna"]
[Result "1-0"]
[WhiteTitle "I"]
[BlackTitle "I"]
[WhiteElo "1232"]
[BlackElo "1067"]

1. e4 c5 2. Nf3 g6 3. d4 cxd4 4. Nxd4 Bg7 5. Nc3 Nc6 6. Nde2 Nf6 7. g3 O-O 8. Bg2
d6 9. O-O Bg4 10. h3 Bd7 11. Be3 Qc8 12. Kh2 Ne5 13. Rb1 h5 14. Bg5 Kh7 15. Bxf6
Bxf6 16. Nd5 Qb8 17. Nxf6+ exf6 18. f4 Nc4 19. Qd4 Bb5 20. Nc3 Ba6 21. Rfe1 Qd8
22. Nd5 f5 23. exf5 gxf5 24. Re7 Nb6 25. Qf6 Nxd5 26. Qxf5+ Kg7 27. Qg5+ Kh8 28.
Qh6+ Kg8 29. Be4 Nf6 30. Qxf6 d5 31. Qg5+ Kh8 32. Qh6+ Kg8 33. Qh7# 1-0

[Event "POLFINALY MISTRZOSTW POLSKI JUNIOROW 2021 D-13"]
[Site "Jatrzebia Gora"]
[Date "1899-12-30"]
[Round "1.7"]
[White "Wesolowska, Liliana"]
[Black "Leks, Emilia"]
[Result "0-1"]
[WhiteTitle "II"]
[BlackTitle "I"]
[WhiteElo "1067"]
[BlackElo "1205"]

1. e4 d6 2. d4 e5 3. dxe5 dxe5 4. Qxd8+ Kxd8 5. Nc3 Bd6 6. Bc4 Be6 7. Bxe6 fxe6
8. Nf3 a6 9. Bg5+ Nf6 10. O-O-O Ke7 11. h3 Nbd7 12. a3 b5 13. Rd3 b4 14. axb4
Bxb4 15. Rhd1 Bd6 16. Kb1 Nc5 17. Re3 Rhb8 18. Bh4 h6 19. Bg3 Nfd7 20. Bh2 a5
21. g4 a4 22. Ne2 a3 23. b3 a2+ 24. Ka1 Na6 25. Kxa2 Nb4+ 26. Kb1 Ra2 27. Rd2
Rba8 28. Nc1 Ra1+ 29. Kb2 Nc6 30. Ng1 R1a6 31. Nge2 Ba3+ 32. Kb1 Bc5 33. Red3
Nb6 34. f3 Nb4 35. Rc3 Bd6 36. Ng3 Na2 37. Rcd3 Nxc1 38. Kxc1 Ra1+ 39. Kb2 Bb4
40. Ne2 R8a2# 0-1

[Event "POLFINALY MISTRZOSTW POLSKI JUNIOROW 2021 D-13"]
[Site "Jatrzebia Gora"]
[Date "1899-12-30"]
[Round "1.8"]
[White "Branka, Julia"]
[Black "Walerjan, Ada"]
[Result "0-1"]
[WhiteTitle "II"]
[BlackTitle "II"]
[WhiteElo "1200"]
[BlackElo "1045"]

1. d4 d5 2. c4 e6 3. Nc3 Nf6 4. cxd5 exd5 5. Bg5 Nbd7 6. e3 Be7 7. Nf3 h6 8. Bh4
O-O 9. Bd3 b6 10. O-O Bb7 11. Rc1 Ne4 12. Bxe7 Qxe7 13. Nb5 c6 14. Nc3 Rac8 15.
Qc2 c5 16. Qe2 c4 17. Bb1 Rfe8 18. Rfe1 a6 19. Nd2 b5 20. f3 Nxc3 21. bxc3 a5
22. e4 Qa3 23. Qd1 b4 24. Qc2 g6 25. cxb4 axb4 26. exd5 Rxe1+ 27. Rxe1 Bxd5 28.
Kh1 Qa7 29. Re7 Be6 30. Qe4 c3 31. Nb3 Bxb3 32. axb3 c2 33. Re8+ Rxe8 34. Qxe8+
Kg7 35. Bxc2 Qa1+ 36. Bd1 Qxd1+ 37. Qe1 Qxe1# 0-1

[Event "POLFINALY MISTRZOSTW POLSKI JUNIOROW 2021 D-13"]
[Site "Jatrzebia Gora"]
[Date "1899-12-30"]
[Round "1.9"]
[White "Racis, Dominika"]
[Black "Stankiewicz, Zofia"]
[Result "1/2-1/2"]
[WhiteTitle "I"]
[BlackTitle "II"]
[WhiteElo "1029"]
[BlackElo "1178"]

1. d4 d5 2. Nf3 Nf6 3. Bf4 Bf5 4. e3 g6 5. Nc3 Bg7 6. Bd3 Bxd3 7. Qxd3 c6 8. O-O
O-O 9. Rfe1 Nbd7 10. e4 c5 11. exd5 cxd4 12. Nxd4 Nb6 13. d6 Re8 14. dxe7 Rxe7
15. Rxe7 Qxe7 16. Nde2 Rd8 17. Qf3 Re8 18. h3 Nh5 19. Be3 Nc4 20. Bxa7 b6 21.
Qc6 Qe6 22. Qxe6 Rxe6 23. Bb8 Nxb2 24. g4 Na4 25. gxh5 Nxc3 26. Nxc3 Bxc3 27.
Rd1 gxh5 28. Kg2 Re2 29. Rd5 h4 30. Bc7 Rxc2 31. Bxb6 Rxa2 32. Rd8+ Kg7 33. Bd4+
Bxd4 34. Rxd4 1/2-1/2

[Event "POLFINALY MISTRZOSTW POLSKI JUNIOROW 2021 D-13"]
[Site "Jatrzebia Gora"]
[Date "1899-12-30"]
[Round "2.1"]
[White "Salamon, Julia"]
[Black "Feliks, Agnieszka"]
[Result "1-0"]
[WhiteTitle "I++"]
[BlackTitle "I"]
[WhiteElo "1568"]
[BlackElo "1145"]

1. d4 d5 2. c4 e6 3. Nc3 Be7 4. Nf3 Nf6 5. Bg5 h6 6. Bh4 O-O 7. e3 b6 8. cxd5 Nxd5
9. Bxe7 Qxe7 10. Nxd5 exd5 11. Qb3 Bb7 12. Be2 Nd7 13. O-O Nf6 14. Rac1 Rac8 15.
Rc2 c5 16. Qa3 Ba8 17. Rfc1 Ne4 18. Ne1 Rfe8 19. f3 Nf6 20. dxc5 bxc5 21. Rxc5
Rxc5 22. Qxc5 Qxe3+ 23. Qxe3 Rxe3 24. Kf2 Re8 25. Rc7 Rb8 26. Rxa7 Bc6 27. b3
Bd7 28. Nc2 Rc8 29. Nd4 Be6 30. a4 Kf8 31. a5 g5 32. a6 Ke8 33. Rb7 Ra8 34. Bb5+
Kd8 35. Nxe6+ fxe6 36. Rf7 Rc8 37. Rxf6 Rc2+ 38. Ke3 Rc3+ 39. Kd2 Rxb3 40. a7
Ra3 41. a8=Q+ Rxa8 42. Rf8+ 1-0

[Event "POLFINALY MISTRZOSTW POLSKI JUNIOROW 2021 D-13"]
[Site "Jatrzebia Gora"]
[Date "1899-12-30"]
[Round "2.2"]
[White "Popczynska, Maja"]
[Black "Opalka, Marta"]
[Result "1/2-1/2"]
[WhiteTitle "I"]
[BlackTitle "I"]
[WhiteElo "1294"]
[BlackElo "1142"]

1. e4 e6 2. Nf3 d5 3. Nc3 dxe4 4. Nxe4 Nd7 5. d4 Ngf6 6. Bg5 Be7 7. Nxf6+ Nxf6
8. Bd3 O-O 9. O-O c5 10. c3 h6 11. Bf4 Nd5 12. Be5 Bd6 13. Bc2 cxd4 14. cxd4 b6
15. Qd3 f5 16. a3 a5 17. Rfe1 Ba6 18. Qd2 Bxe5 19. dxe5 Rc8 20. Bb3 Bc4 21. Bxc4
Rxc4 22. Rac1 Rxc1 23. Rxc1 Qd7 24. Rd1 Rc8 25. Rc1 Rxc1+ 26. Qxc1 Nf4 27. Qd2
Nd3 28. h3 Nxe5 29. Qe2 Nxf3+ 30. Qxf3 Qd5 31. Qe3 Qd1+ 32. Kh2 Qd6+ 33. Kg1 e5
34. Qb3+ Kh7 35. Qf3 Qe6 36. Qe3 e4 37. Qf4 g5 38. Qc7+ Kg6 39. Qc3 f4 40. Qc2
Kh5 41. Qe2+ Kg6 42. Qc2 h5 43. f3 Kf5 44. fxe4+ Qxe4 45. Qc8+ Qe6 46. Qc2+ Kf6
47. Qc3+ Kf5 48. Qc2+ Ke5 1/2-1/2

[Event "POLFINALY MISTRZOSTW POLSKI JUNIOROW 2021 D-13"]
[Site "Jatrzebia Gora"]
[Date "1899-12-30"]
[Round "2.3"]
[White "Myslowska, Zofia"]
[Black "Gladyszewska, Kinga"]
[Result "0-1"]
[WhiteTitle "II"]
[BlackTitle "I"]
[WhiteElo "1101"]
[BlackElo "1269"]

1. f4 c5 2. Nf3 Nc6 3. e3 Nf6 4. c3 d5 5. d4 e6 6. Bd3 Be7 7. O-O O-O 8. Bd2 Bd7
9. Be1 Qb6 10. Qc2 Rac8 11. Ne5 Rfd8 12. Bh4 h6 13. Nd2 cxd4 14. Nxc6 Bxc6 15.
exd4 Re8 16. Nf3 Nd7 17. Bxe7 Rxe7 18. Ne5 Bb5 19. Rad1 Qa5 20. Rf3 Ba4 21. Bh7+
Kh8 22. b3 Bb5 23. c4 Nxe5 24. fxe5 dxc4 25. Rdf1 Rcc7 26. Bg6 cxb3 27. Rxf7 Rxf7
28. Rxf7 Qe1+ 29. Rf1 Qxf1# 0-1

[Event "POLFINALY MISTRZOSTW POLSKI JUNIOROW 2021 D-13"]
[Site "Jatrzebia Gora"]
[Date "1899-12-30"]
[Round "2.4"]
[White "Walerjan, Ada"]
[Black "Miklosz, Malgorzata"]
[Result "0-1"]
[WhiteTitle "II"]
[BlackTitle "I"]
[WhiteElo "1045"]
[BlackElo "1232"]

1. e4 c5 2. Nf3 e6 3. d4 cxd4 4. Nxd4 Nc6 5. Nc3 Qc7 6. Be3 a6 7. Be2 b5 8. a4
b4 9. Na2 Nf6 10. Bd3 Bb7 11. c3 Nxd4 12. Bxd4 e5 13. Be3 Nxe4 14. Nxb4 Nc5 15.
O-O Be7 16. Bc2 a5 17. Nd5 Qc6 18. Bxc5 Qxc5 19. Nxe7 Qxe7 20. Re1 d5 21. Qh5
e4 22. f3 O-O 23. fxe4 dxe4 24. Rad1 f5 25. Bb3+ Kh8 26. Bd5 Qc5+ 27. Rd4 Bxd5
28. Kh1 Bf7 29. Qd1 Rab8 30. g4 Rxb2 31. gxf5 Bb3 32. Qg4 Qxc3 33. Qxe4 Qh3 0-1

[Event "POLFINALY MISTRZOSTW POLSKI JUNIOROW 2021 D-13"]
[Site "Jatrzebia Gora"]
[Date "1899-12-30"]
[Round "2.6"]
[White "Kicinska, Anna"]
[Black "Racis, Dominika"]
[Result "1-0"]
[WhiteTitle "I"]
[BlackTitle "I"]
[WhiteElo "1238"]
[BlackElo "1029"]

1. d4 d5 2. Nf3 Nc6 3. c4 Bf5 4. Nc3 e6 5. Bg5 f6 6. Bh4 Bb4 7. Rc1 Nge7 8. Bg3
dxc4 9. e3 b5 10. Be2 Nd5 11. Qd2 g5 12. O-O h5 13. h4 Bxc3 14. bxc3 g4 15. Ne1
Kf7 16. Bd1 Re8 17. Bc2 Bxc2 18. Qxc2 e5 19. Qh7+ Ke6 20. e4 Rh8 21. Qf5+ Kf7
22. exd5 Qxd5 23. dxe5 Nxe5 24. Bxe5 Qxe5 25. Qxe5 fxe5 26. f3 g3 27. Nc2 Kf6
28. Ne3 c6 29. Rfd1 Rad8 30. Nf1 Kf5 31. Nxg3+ Kf4 32. Kf2 c5 33. Rxd8 Rxd8 1-0

[Event "POLFINALY MISTRZOSTW POLSKI JUNIOROW 2021 D-13"]
[Site "Jatrzebia Gora"]
[Date "1899-12-30"]
[Round "2.7"]
[White "Stankiewicz, Zofia"]
[Black "Dura, Anna"]
[Result "1/2-1/2"]
[WhiteTitle "II"]
[BlackTitle "II"]
[WhiteElo "1178"]
[BlackElo "1074"]

1. e4 e6 2. d4 d5 3. e5 c5 4. c3 Nc6 5. Nf3 Qb6 6. Na3 Nge7 7. Nc2 Nf5 8. Bd3 Nce7
9. O-O c4 10. Be2 h6 11. Na3 Qc6 12. b3 b5 13. Rb1 Bd7 14. bxc4 bxc4 15. Nd2 Nc8
16. Naxc4 dxc4 17. Bf3 Qa6 18. Bxa8 Nb6 19. Bf3 Be7 20. Qc2 O-O 21. Ne4 Qa5 22.
a3 Nh4 23. Bh5 Ba4 24. Qd2 Bc6 25. g3 Bxe4 26. Rxb6 axb6 27. gxh4 Bd3 28. Be2
Bxe2 29. Qxe2 Qxc3 30. Qg4 Kh8 31. Kh1 f5 32. Qh5 Qd3 33. Rg1 Qe4+ 34. f3 Qxh4
35. Qg6 Rg8 36. Qxe6 Qh3 37. Qd5 c3 38. Qc6 Bg5 39. Bxg5 hxg5 40. Qxc3 g4 41.
Qd3 g6 42. Rg3 Qh4 43. d5 f4 44. Rg1 g3 45. Rg2 Rg7 46. Qc2 Kh7 47. Qc8 Qh5 48.
Qe6 Qxf3 49. hxg3 Qd1+ 50. Kh2 fxg3+ 51. Rxg3 Qd2+ 52. Rg2 Qf4+ 53. Rg3 Qd2+ 54.
Kh3 Qh6+ 55. Kg2 Qd2+ 56. Kf3 Qd3+ 57. Kg4 Qe2+ 58. Kf4 Qf2+ 59. Rf3 Qd2+ 60.
Kg4 Qd4+ 61. Kh3 Qd1 62. Qg4 Qh1+ 63. Kg3 Qg1+ 64. Kh4 Qe1+ 65. Qg3 Qe4+ 66. Kh3
Qxd5 67. Qh4+ Kg8 68. Qf6 Rh7+ 69. Kg3 Rf7 70. Qxf7+ Qxf7 71. Rxf7 Kxf7 72. Kf4
Ke6 1/2-1/2

[Event "POLFINALY MISTRZOSTW POLSKI JUNIOROW 2021 D-13"]
[Site "Jatrzebia Gora"]
[Date "1899-12-30"]
[Round "2.8"]
[White "Olaczek, Wiktoria"]
[Black "Predkiewicz, Paulina"]
[Result "0-1"]
[WhiteTitle "II"]
[BlackTitle "I"]
[WhiteElo "1088"]
[BlackElo "1331"]

1. e4 e5 2. Nf3 Nc6 3. Bc4 Nf6 4. Ng5 d5 5. exd5 Na5 6. Bb5+ c6 7. dxc6 bxc6 8.
Bd3 Ng4 9. Nf3 f5 10. Be2 e4 11. Ng1 Bc5 12. Bxg4 fxg4 13. Qe2 O-O 14. c3 Bxf2+
15. Kd1 Qb6 16. Qf1 Bh4 17. Qe2 Ba6 18. Qxe4 Rf1+ 19. Kc2 Rxg1 20. Rxg1 Qxg1 21.
b4 Nb7 22. Qxc6 Qf1 23. g3 Qd3+ 24. Kb2 Bf6 25. Na3 Rb8 26. b5 Nd6 27. Qxa6 Nxb5
28. Nxb5 Rxb5+ 29. Ka3 Rb3+ 30. axb3 Qxa6+ 31. Kb2 Qe2 32. Rxa7 Qxh2 33. b4 Qxg3
34. b5 Qb8 35. Ra5 g3 36. Kb3 g2 37. c4 g1=Q 38. Bb2 Bxb2 39. Kxb2 Qd4+ 40. Kb3
Qd3+ 41. Kb4 Qbd6+ 42. c5 Q6d4# 0-1

[Event "POLFINALY MISTRZOSTW POLSKI JUNIOROW 2021 D-13"]
[Site "Jatrzebia Gora"]
[Date "1899-12-30"]
[Round "2.9"]
[White "Mansz, Martyna"]
[Black "Branka, Julia"]
[Result "0-1"]
[WhiteTitle "I"]
[BlackTitle "II"]
[WhiteElo "1067"]
[BlackElo "1200"]

1. e4 c5 2. Nf3 e6 3. d3 Nc6 4. g3 d5 5. exd5 exd5 6. Bg2 Nf6 7. O-O Be7 8. Bd2
O-O 9. Re1 Bd7 10. Nc3 Re8 11. Ne5 Be6 12. Bf4 Bd6 13. Nxc6 bxc6 14. Qd2 Qc7 15.
Bxd6 Qxd6 16. Ne2 Qe5 17. d4 cxd4 18. Nxd4 Qd6 19. Rad1 Bd7 20. h3 c5 21. Ne2
Bc6 22. Qf4 Rad8 23. Qxd6 Rxd6 24. Nf4 Kf8 25. c3 Rxe1+ 26. Rxe1 d4 27. Bxc6 Rxc6
28. c4 Rd6 29. Nd3 Nd7 30. f4 f6 31. a3 a5 32. g4 g6 33. h4 Kf7 34. Kf2 h6 35.
Re4 f5 36. gxf5 gxf5 37. Ne5+ Kf6 38. Nxd7+ Rxd7 39. Re2 Kg6 40. Re6+ Kh5 41.
Rf6 Kg4 42. Rxh6 d3 43. Ke1 Kxf4 44. Rf6 Re7+ 45. Kd2 Ke4 46. h5 f4 47. Rg6 f3
0-1

[Event "POLFINALY MISTRZOSTW POLSKI JUNIOROW 2021 D-13"]
[Site "Jatrzebia Gora"]
[Date "1899-12-30"]
[Round "2.10"]
[White "Wesolowska, Liliana"]
[Black "Najdecka, Laura"]
[Result "1-0"]
[WhiteTitle "II"]
[BlackTitle "I"]
[WhiteElo "1067"]
[BlackElo "1130"]

1. e4 c6 2. d4 d5 3. Nc3 a6 4. h3 dxe4 5. Nxe4 Bf5 6. Ng3 Bg6 7. h4 h6 8. h5 Bh7
9. Nf3 e6 10. Bd3 Bxd3 11. Qxd3 Nf6 12. a3 c5 13. Ne4 cxd4 14. Nxf6+ Qxf6 15.
Qxd4 Qxd4 16. Nxd4 Bc5 17. Be3 Nd7 18. O-O-O Ke7 19. b4 Bb6 20. c4 Rac8 21. c5
Ba7 22. Kb2 b6 23. cxb6 Bxb6 24. f4 Nf6 25. Nf5+ exf5 26. Bxb6 Rc6 27. Bc5+ Ke8
28. Rhe1+ Re6 29. Rxe6+ fxe6 30. Rd6 Kf7 31. Rxa6 Nxh5 32. Ra7+ Kg6 33. Bd6 Rd8
34. Ra6 Ng3 35. Kb3 Ne4 36. Be5 Rd3+ 37. Kc4 Rg3 38. Rxe6+ Kf7 39. Ra6 Rxg2 40.
Ra7+ Kg8 41. b5 h5 42. b6 Rc2+ 43. Kb3 Rc6 44. b7 Nc5+ 45. Ka2 Nxb7 46. Rxb7 Rg6
47. Rb2 Kf7 48. Rh2 Rh6 49. a4 Ke8 50. Bxg7 Rh7 51. Bd4 Kd8 52. Bb6+ Kc8 53. a5
Kb7 54. Kb3 h4 55. Rh3 Ka6 56. Kb4 Rh8 57. Ka4 Rh7 58. Kb4 Re7 59. Rxh4 Re4+ 60.
Kc5 Kb7 61. Kd6 Kc8 62. Rh8+ Kb7 63. Rh7+ Kc8 64. Kc6 Re6+ 65. Kd5 Re4 66. a6
Re1 67. Rc7+ Kb8 68. a7+ Ka8 69. Rc8+ Kb7 70. a8=Q+ Kxb6 71. Qb8+ Ka6 72. Rc6+
Ka5 73. Qb6+ Ka4 74. Rc4+ Ka3 75. Qb4+ Ka2 76. Rc2+ Ka1 77. Qb2# 1-0

[Event "POLFINALY MISTRZOSTW POLSKI JUNIOROW 2021 D-13"]
[Site "Jatrzebia Gora"]
[Date "1899-12-30"]
[Round "3.2"]
[White "Gladyszewska, Kinga"]
[Black "Leks, Emilia"]
[Result "0-1"]
[WhiteTitle "I"]
[BlackTitle "I"]
[WhiteElo "1269"]
[BlackElo "1205"]

1. d4 e6 2. c4 d5 3. Nc3 Nf6 4. Bg5 Bb4 5. e3 O-O 6. a3 Bxc3+ 7. bxc3 h6 8. Bh4
Nbd7 9. Nf3 c6 10. Bd3 dxc4 11. Bxc4 Qa5 12. Qb3 Nd5 13. Bxd5 exd5 14. O-O Nb6
15. Ne5 Bf5 16. Be7 Rfe8 17. Bb4 Qa4 18. Qxa4 Nxa4 19. Rac1 Nb2 20. Ra1 Na4 21.
Nf3 a5 22. Bd6 Nxc3 23. Kh1 Ne4 24. Bc5 Bg4 25. Kg1 Bxf3 26. gxf3 Nd2 27. Rfd1
Nxf3+ 28. Kg2 Nh4+ 29. Kh1 Re6 30. Rg1 Rg6 31. Rab1 Rxg1+ 32. Kxg1 b5 33. Kf1
Nf3 34. Kg2 Nd2 35. Rb2 Nc4 36. Rb1 Re8 37. Rg1 Re6 38. Rd1 Nb2 39. Rd2 Na4 40.
Ba7 Re7 41. Bb8 Rb7 42. Bd6 Rd7 43. Bb8 Nb6 44. Ra2 Nc4 45. Bf4 Rb7 46. Kf1 g5
47. Bg3 b4 48. axb4 axb4 49. Ke2 b3 50. Ra1 b2 51. Rb1 Na3 52. Rxb2 Rxb2+ 53.
Kf3 f5 54. Bd6 Nb5 55. Bc5 Nc3 56. Kg3 Ne4+ 57. Kg2 Rxf2+ 58. Kg1 Re2 59. Bb4
Rxe3 60. Kf1 Rd3 0-1

[Event "POLFINALY MISTRZOSTW POLSKI JUNIOROW 2021 D-13"]
[Site "Jatrzebia Gora"]
[Date "1899-12-30"]
[Round "3.3"]
[White "Opalka, Marta"]
[Black "Kicinska, Anna"]
[Result "0-1"]
[WhiteTitle "I"]
[BlackTitle "I"]
[WhiteElo "1142"]
[BlackElo "1238"]

1. Nf3 c5 2. c4 Nc6 3. Nc3 Nf6 4. d4 cxd4 5. Nxd4 d6 6. e4 g6 7. Be2 Bg7 8. Be3
O-O 9. O-O Bd7 10. h3 Rc8 11. Qd2 Re8 12. Rac1 Ne5 13. b3 a6 14. f4 Nc6 15. f5
Ne5 16. Kh1 Bc6 17. Bf3 Nfd7 18. fxg6 hxg6 19. Nd5 Nf6 20. Nb6 Qxb6 21. Ne6 Qxe3
22. Qxe3 fxe6 23. Rce1 Rcd8 24. Qc3 b5 25. g4 bxc4 26. bxc4 Rc8 27. g5 Nfd7 28.
Qa3 Nc5 29. Rc1 Nxf3 30. Rxf3 Bxe4 31. Kg1 Bxf3 32. Qxf3 Rf8 33. Qe3 Rf5 34. Rf1
Rxf1+ 35. Kxf1 Rf8+ 36. Ke2 Rf5 37. Kd2 Re5 38. Qf3 Re4 39. Qg2 Rxc4 40. Qa8+
Bf8 41. Qe8 Kg7 42. Qb8 e5 43. Qb2 Rf4 44. Ke3 Rh4 45. Qg2 Ne6 46. Qg3 Ra4 47.
Kd2 Rxa2+ 48. Kc1 Nd4 49. Kb1 Ra5 50. Qh4 Nf5 51. Qe1 Ra3 52. Qf1 a5 53. Kb2 Rg3
54. h4 Nxh4 55. Qe1 Nf5 56. Qd2 a4 57. Ka2 Rf3 58. Qe2 Rf4 59. Qd2 Rh4 0-1

[Event "POLFINALY MISTRZOSTW POLSKI JUNIOROW 2021 D-13"]
[Site "Jatrzebia Gora"]
[Date "1899-12-30"]
[Round "3.4"]
[White "Predkiewicz, Paulina"]
[Black "Popczynska, Maja"]
[Result "1/2-1/2"]
[WhiteTitle "I"]
[BlackTitle "I"]
[WhiteElo "1331"]
[BlackElo "1294"]

1. e4 c5 2. Nf3 Nc6 3. d4 cxd4 4. Nxd4 Nf6 5. Nc3 d6 6. f3 e5 7. Nb3 Be6 8. Be3
Be7 9. Qd2 O-O 10. O-O-O a5 11. Bb5 Qc7 12. Qf2 Rfc8 13. g4 Qb8 14. Bb6 Bd8 15.
Be3 Be7 16. a4 Nb4 17. Kb1 d5 18. g5 d4 19. gxf6 dxe3 20. Qxe3 Bxf6 21. Rhg1 Qc7
22. h4 Rd8 23. Rc1 Qe7 24. h5 Kh8 25. Rcd1 Rxd1+ 26. Rxd1 Bxb3 27. cxb3 Rd8 28.
Rg1 h6 29. Bc4 Bg5 30. Qb6 Nc6 31. Bd5 1/2-1/2

[Event "POLFINALY MISTRZOSTW POLSKI JUNIOROW 2021 D-13"]
[Site "Jatrzebia Gora"]
[Date "1899-12-30"]
[Round "3.5"]
[White "Branka, Julia"]
[Black "Wesolowska, Liliana"]
[Result "0-1"]
[WhiteTitle "II"]
[BlackTitle "II"]
[WhiteElo "1200"]
[BlackElo "1067"]

1. d4 d5 2. c4 c6 3. Nc3 Nf6 4. Nf3 e6 5. Bg5 Be7 6. e3 h6 7. Bh4 a6 8. cxd5 Nxd5
9. Bxe7 Qxe7 10. Bd3 Nd7 11. O-O Nxc3 12. bxc3 b5 13. a4 Nb6 14. Ne5 Bb7 15. Be4
Nxa4 16. Bxc6+ Bxc6 17. Nxc6 Qd6 18. Ne5 Nxc3 19. Qf3 O-O 20. Rfc1 f6 21. Rxc3
fxe5 22. Qe4 exd4 23. Rc6 Qd5 24. Rxe6 Qxe4 25. Rxe4 dxe3 26. fxe3 Rf6 27. Rb4
Re6 28. Kf2 Rf8+ 29. Ke2 Rfe8 30. Ra3 g5 31. Kf3 Kg7 32. e4 g4+ 33. Kf4 Kg6 34.
Re3 h5 35. h4 gxh3 36. gxh3 Rf8+ 37. Kg3 Kg5 38. h4+ Kh6 39. Rf3 Rg6+ 40. Kf2
Rgf6 41. Rxf6+ Rxf6+ 42. Ke3 Kg6 43. e5 Re6 44. Ke4 Rb6 45. Kd5 a5 46. Rb1 b4
47. Kc5 Rb8 48. Kc4 Kf5 49. Re1 b3 50. e6 Kf6 51. e7 Kf7 52. e8=Q+ Rxe8 53. Rxe8
Kxe8 54. Kxb3 Kf7 55. Ka4 Kf6 56. Kxa5 Kf5 57. Kb5 Kg4 58. Kc4 Kxh4 59. Kd3 Kg3
60. Ke2 Kg2 61. Ke3 h4 62. Ke4 h3 63. Ke5 h2 64. Kd4 h1=Q 65. Ke5 Qh4 66. Kd5
Kf3 67. Ke5 Qe4+ 68. Kd6 Qf5 69. Kc6 Qa5 70. Kd6 Ke4 71. Kc6 Kd4 72. Kd6 Qd5+
73. Kc7 Qe6 74. Kb7 Kc5 75. Ka7 Qb6+ 76. Ka8 Qb5 77. Ka7 Kc6 78. Ka8 Qb7# 0-1

[Event "POLFINALY MISTRZOSTW POLSKI JUNIOROW 2021 D-13"]
[Site "Jatrzebia Gora"]
[Date "1899-12-30"]
[Round "3.6"]
[White "Walerjan, Ada"]
[Black "Stankiewicz, Zofia"]
[Result "1-0"]
[WhiteTitle "II"]
[BlackTitle "II"]
[WhiteElo "1045"]
[BlackElo "1178"]

1. d4 d5 2. Bf4 Nf6 3. Nf3 Bf5 4. e3 e6 5. Nbd2 Bd6 6. Ne5 Nbd7 7. c4 c6 8. Nxf7
Kxf7 9. Bxd6 Ne4 10. Nxe4 Bxe4 11. a3 dxc4 12. Bb4 b5 13. Rc1 a5 14. Bd6 Nf6 15.
Be5 Rf8 16. f3 Bg6 17. Be2 Kg8 18. O-O Nd5 19. Qd2 Qe7 20. e4 Nb6 21. b3 Qxa3
22. bxc4 bxc4 23. Bc7 Nd7 24. Bxc4 Qe7 25. Bxa5 Kh8 26. Bb4 c5 27. dxc5 Nxc5 28.
Qf2 Rfc8 29. Be2 Nxe4 30. Rxc8+ Rxc8 31. Bxe7 Nxf2 32. Kxf2 1-0

[Event "POLFINALY MISTRZOSTW POLSKI JUNIOROW 2021 D-13"]
[Site "Jatrzebia Gora"]
[Date "1899-12-30"]
[Round "3.10"]
[White "Racis, Dominika"]
[Black "Olaczek, Wiktoria"]
[Result "1-0"]
[WhiteTitle "I"]
[BlackTitle "II"]
[WhiteElo "1029"]
[BlackElo "1088"]

1. d4 d5 2. Nf3 Nf6 3. Bg5 e6 4. e3 Be7 5. c4 h6 6. Bh4 O-O 7. Nc3 Nc6 8. cxd5
exd5 9. Bd3 Bg4 10. O-O Nb4 11. Re1 Nxd3 12. Qxd3 Qd7 13. Ne5 Qe6 14. Qb5 g5 15.
Bg3 Bf5 16. Qxb7 Rfb8 17. Qxc7 Rxb2 18. Na4 Rc2 19. Nc5 Bxc5 20. dxc5 Rc8 21.
Qxa7 R8xc5 22. a4 Ne4 23. Nf3 Qc8 24. Nd4 R2c4 25. a5 Rc7 26. Bxc7 Rxc7 27. Qb6
Rb7 28. Nxf5 Qxf5 29. Qd8+ Kg7 30. f3 Nc5 31. a6 Rd7 32. Qb6 Qc2 33. Rec1 Qd3
34. Qxc5 d4 35. exd4 Rxd4 36. Qe5+ f6 37. Qe7+ Kg6 38. a7 Qd2 39. a8=Q Rb4 40.
Qg8+ Kh5 41. Qef7+ Kh4 42. Rc4+ Rxc4 43. Qxc4+ Qf4 44. Qxf4+ gxf4 45. Qg4# 1-0

[Event "POLFINALY MISTRZOSTW POLSKI JUNIOROW 2021 D-13"]
[Site "Jatrzebia Gora"]
[Date "1899-12-30"]
[Round "3.11"]
[White "Najdecka, Laura"]
[Black "Mansz, Martyna"]
[Result "1/2-1/2"]
[WhiteTitle "I"]
[BlackTitle "I"]
[WhiteElo "1130"]
[BlackElo "1067"]

1. e4 e5 2. Nf3 Nf6 3. Nxe5 d6 4. Nf3 Nxe4 5. Qe2 Qe7 6. d3 Nf6 7. Bg5 Be6 8. Nd4
c5 9. Nxe6 Qxe6 10. Bxf6 gxf6 11. Nd2 Nc6 12. O-O-O Be7 13. Qxe6 fxe6 14. Nf3
O-O-O 15. d4 d5 16. g3 cxd4 17. Nxd4 Nxd4 18. Rxd4 e5 19. Rd1 Bc5 20. f3 Be3+
21. Kb1 f5 22. Bd3 e4 23. fxe4 dxe4 24. Bc4 Kc7 25. Be6 f4 26. gxf4 Bxf4 27. Rde1
e3 28. Bc4 Rd2 29. Re2 Rhd8 30. c3 Rxe2 31. Bxe2 Rd2 32. Bf3 e2 33. Re1 Bxh2 34.
Rxe2 Rxe2 35. Bxe2 Kd6 36. a4 Be5 37. Kc2 a5 38. b4 b6 39. Kb3 axb4 40. cxb4 Bd4
1/2-1/2